The Strokes Lyrics - Taken For A Fool - Statistics

General Stats
  • This quiz has been taken 30 times
  • The average score is 230 of 288
Answer Stats
Lyrics % Correct
don't
100%
I
100%
the
100%
you
100%
You
100%
a
96%
A
96%
for
96%
my
96%
know
92%
know,
92%
On
92%
on
92%
why
92%
and
88%
And
88%
any
88%
forget
88%
so
88%
that
88%
to
88%
all
85%
But
85%
but
85%
could
85%
fool
85%
it
85%
me
85%
mind
85%
not
85%
Oh,
85%
oh
85%
problem
85%
Sister,
85%
taken
85%
that's
85%
time
85%
we
85%
be
81%
door
81%
get
81%
like
81%
need
81%
now
81%
number
81%
right
81%
weekend
81%
You're
81%
anyone
77%
is
77%
Monday,
77%
Tuesday
77%
with
77%
yesterday
77%
feels
73%
just
73%
see
73%
something
73%
Something
73%
their
73%
yeah
73%
everyone
69%
gullible
69%
it's
69%
It's
69%
can't
65%
goes
65%
got
65%
lives
65%
place
65%
radio,
65%
radio
65%
toxic
65%
what
65%
wonderful
65%
cause
62%
damn
62%
have
62%
Mama,
62%
they
62%
well
62%
You've
62%
else
58%
good
58%
hanging
58%
anything
54%
Everybody
54%
Except
54%
hurt
54%
maybe
54%
them
54%
them,
54%
up
54%
wake
54%
want
54%
we're
54%
choose
50%
death
50%
ghetto,
50%
in
50%
never
50%
over
50%
this
50%
early,
46%
help
46%
lucky
46%
one
46%
putting
46%
afraid
42%
Blame
42%
grow
42%
hope
42%
means
42%
of
42%
tourist
42%
at
38%
quit
38%
yourself
38%
I've
31%
once,
31%
seen
31%
No matching quizzes found
Score Distribution
Percent of People with Each Score
Percentile by Number Answered
Your Score History
You have not taken this quiz